| 000 | 01078nam0a22002291 4500 | ||
|---|---|---|---|
| 001 | rc\659666 | ||
| 005 | 20250621202102.0 | ||
| 035 | _a(NLR Aleph) 005899034 | ||
| 090 |
_a6257097 _c6257097 |
||
| 100 | _a20031121d1986 |||y0rusy50 ca | ||
| 101 | 0 | _arus | |
| 102 | _aRU | ||
| 105 | _ay ||||||||| | ||
| 200 | 1 |
_aВоспитание сознательной дисциплины, долга и ответственности _e(Метод. рекомендации по курсу "Педагогика") _fМ-во высш. и сред. спец. образования МССР, Тирасп. гос. пед. ин-т им. Т.Г. Шевченко, Обществ. лаб. НИИ ОПВ АПН СССР по пробл. творч. применения пед. идей А.С. Макаренко _g[Сост. А.Г. Холодюк, доц., к. п. н.] |
|
| 210 |
_aКишинев _cКГУ _d1986 |
||
| 215 |
_a34 с. _d20 |
||
| 320 | _aБиблиогр.: с. 24 | ||
| 801 | 0 |
_aRU _bNLR _gpsbo |
|
| 801 | 1 |
_aRU _bELAR _2rusmarc |
|
| 852 |
_aNLR _j88-4/9391 |
||
| 942 | _cBOOK | ||
| 980 | _aNB | ||